Sports Quiz

Random Sports or Basketball Quiz

NBA Players with Most Championships Quiz Stats

 Plays Quiz Updated Nov 17, 2017

Score 0/37 Timer 07:00
45 Plays Today
Number Player % Correct
6Michael Jordan
94.4%
11Bill Russell
87.6%
5Kobe Bryant
87.5%
4Shaquille O'Neal
83.1%
6Scottie Pippen
79.5%
5Earvin 'Magic' Johnson
76.4%
5Tim Duncan
72.8%
6Kareem Abdul-Jabbar
69.4%
5Dennis Rodman
67.3%
4Tony Parker
67%
7Robert Horry
61%
4Manu Ginóbili
54%
6Bob Cousy
51.2%
8John Havlicek
46.6%
5Derek Fisher
46.1%
5Steve Kerr
44.1%
10Sam Jones
38.9%
8K.C. Jones
38.7%
4Robert Parish
33.7%
Number Player % Correct
4Horace Grant
31.2%
5Ron Harper
23.4%
8Tom Heinsohn
18.4%
5Michael Cooper
15.6%
4George Mikan
15.1%
4John Salley
12.6%
4Kurt Rambis
11.6%
4Bill Sharman
8.9%
5Don Nelson
8.3%
8Tom Sanders
8%
4Will Perdue
6.5%
7Frank Ramsey
5.2%
6Jim Loscutoff
3.5%
5Slater Martin
3.1%
4Vern Mikkelsen
2.9%
5Larry Siegfried
2.5%
4Jim Pollard
2.2%
4Pep Saul
1.6%

You're not logged in!

Compare scores with friends on all Sporcle quizzes.
OR
Log In

Show Comments

Extras

Top Quizzes Today


Score Distribution

Your Account Isn't Verified!

In order to create a playlist on Sporcle, you need to verify the email address you used during registration. Go to your Sporcle Settings to finish the process.

Report this User

Report this user for behavior that violates our Community Guidelines.

Details: